00523nam a2200169Ia 4500008004100000020001800041041000800059082002000067100002800087245007800115260003700193300000800230365001600238700002800254906005200282999001900334230714s9999 xx 000 0 und d a9780000000000 aeng a620.001535bBAS aBaskharone E.A.9199092 aFinite Element Method With Heat Transfer And Fluid Mechanics Applications c2014bCambridge University Press a373 cRs.b850.00 aBaskharone E.A.9199092 dO:0513227-Jun-2016B:174821-Jun-2016cMECHb1989 c217874d217874